Land and sustainable development in Africa / (Record no. 8994)
[ view plain ]
| 000 -LEADER | |
|---|---|
| fixed length control field | 00643nam a22002177a 4500 |
| 003 - CONTROL NUMBER IDENTIFIER | |
| control field | OSt |
| 005 - DATE AND TIME OF LATEST TRANSACTION | |
| control field | 20240627114553.0 |
| 008 - FIXED-LENGTH DATA ELEMENTS--GENERAL INFORMATION | |
| fixed length control field | 240627b |||||||| |||| 00| 0 eng d |
| 020 ## - INTERNATIONAL STANDARD BOOK NUMBER | |
| International Standard Book Number | 9781842779132 |
| 040 ## - CATALOGING SOURCE | |
| Transcribing agency | MUST |
| 082 ## - DEWEY DECIMAL CLASSIFICATION NUMBER | |
| Classification number | 338.927 LAN 2008 |
| 245 ## - TITLE STATEMENT | |
| Title | Land and sustainable development in Africa / |
| Statement of responsibility, etc. | edited by Kojo Sebastian Amanor, Sam Mayo |
| 260 ## - PUBLICATION, DISTRIBUTION, ETC. (IMPRINT) | |
| Place of publication, distribution, etc. | Zed Books |
| Name of publisher, distributor, etc. | London |
| Date of publication, distribution, etc. | 2008 |
| 300 ## - PHYSICAL DESCRIPTION | |
| Extent | xi,226p.: |
| Dimensions | 24 cm. |
| 504 ## - BIBLIOGRAPHY, ETC. NOTE | |
| Bibliography, etc | Includes bibliographical references and index |
| 650 ## - SUBJECT ADDED ENTRY--TOPICAL TERM | |
| Topical term or geographic name as entry element | Land |
| 9 (RLIN) | 5855 |
| 650 ## - SUBJECT ADDED ENTRY--TOPICAL TERM | |
| Topical term or geographic name as entry element | Development |
| 9 (RLIN) | 612 |
| 700 ## - ADDED ENTRY--PERSONAL NAME | |
| Personal name | Amanor, Kojo Sebastian |
| 9 (RLIN) | 18249 |
| 700 ## - ADDED ENTRY--PERSONAL NAME | |
| Personal name | Moyo, Sam |
| 9 (RLIN) | 18250 |
| 942 ## - ADDED ENTRY ELEMENTS (KOHA) | |
| Source of classification or shelving scheme | Dewey Decimal Classification |
| Koha item type | Open Shelf |
| Withdrawn status | Lost status | Source of classification or shelving scheme | Damaged status | Not for loan | Home library | Current library | Date acquired | Source of acquisition | Inventory number | Total Checkouts | Full call number | Barcode | Date last seen | Price effective from | Koha item type |
|---|---|---|---|---|---|---|---|---|---|---|---|---|---|---|---|
| Dewey Decimal Classification | MUST Main Library | MUST Main Library | 27/06/2024 | Donation | 2009/31144 | 338.927 LAN 2008 | 2024-21555 | 27/06/2024 | 27/06/2024 | Open Shelf |
